USA states sudden death 💀💀 - Statistieken

Algemene statistieken
  • Deze quiz is 47 keer genomen
  • De gemiddelde score is 39 van 50
Answers on the Grid
Answers color-coded by a green-red scale on the quiz's grid according to % correct below.
Alabama
Alaska
Arizona
Arkansas
California
Colorado
Connecticut
Delaware
Ottawa
Capital Mexico
Florida
Georgia
Hawaii
Moscow
Beijing
Idaho
Illinois
Indiana
Iowa
Shanghai
Kansas
Kentucky
Louisiana
Vancouver
Glasgow
Cardiff
Canterbury
Maine
Maryland
Massachusetts
Michigan
Minnesota
Mississippi
Missouri
Montana
Nebraska
Nevada
New Hampshire
New Jersey
Waterford
Kilkenny
Sligo
Cork
Galway
Milan
Florence
New Mexico
New York
North Carolina
North Dakota
Ohio
Oklahoma
Oregon
Pennsylvania
Rhode Island
South Carolina
South Dakota
Tennessee
Texas
Boulder
Dover
Buffalo
Madison
Salem
Mesa
Auburn
Glendale
Jackson
Bern
Utah
Vermont
Virginia
Washington
West Virginia
Wisconsin
Wyoming
 
Antwoordstatistieken
Antwoord % Correct
Alabama
97%
California
97%
Alaska
95%
Arizona
95%
Arkansas
87%
Colorado
87%
Connecticut
84%
Florida
84%
Delaware
82%
Georgia
82%
Kansas
82%
Hawaii
79%
Illinois
79%
Indiana
79%
Iowa
79%
Kentucky
79%
Louisiana
79%
Idaho
76%
Massachusetts
76%
Michigan
76%
Minnesota
76%
Mississippi
76%
Montana
76%
Nebraska
76%
Nevada
76%
New Jersey
76%
North Carolina
76%
Ohio
76%
Oklahoma
76%
South Carolina
76%
Tennessee
76%
Texas
76%
Washington
76%
West Virginia
76%
Missouri
74%
New Hampshire
74%
New Mexico
74%
New York
74%
North Dakota
74%
Pennsylvania
74%
South Dakota
74%
Utah
74%
Virginia
74%
Wisconsin
74%
Wyoming
74%
Maryland
71%
Oregon
71%
Maine
68%
Rhode Island
68%
Vermont
68%
Geen overeenkomende quizzen gevonden
Scoreverdeling
Procent van Mensen met Elke Score
Percentiel versus Aantal Correcte Antwoorden
Uw Scoregeschiedenis
U heeft deze quiz nog niet genomen